000 01039nam0a22002771 4500
001 rc\789312
005 20250622133033.0
035 _a(NLR Aleph) 006314667
090 _a7388443
_c7388442
100 _a20040301d1983 |||y0rusy50 ca
101 0 _arus
102 _aRU
105 _aa |||||||||
200 1 _aЭлектрический разряд в газовых включениях высоковольтной изоляции
_fЧ.М. Джуварлы, Г.В. Вечхайзер, П.В. Леонов
210 _aБаку
_cЭлм
_d1983 (вып. дан. 1984)
215 _a192 с.
_cил.
_d22
300 _aВ надзаг.: АН АзССР, Ин-т физики
320 _aБиблиогр.: с. 185-190 (185 назв.)
700 1 _aДжуварлы
_bЧ.М.
_gЧингиз Мехтиевич
701 1 _aВечхайзер
_bГ.В.
701 1 _aЛеонов
_bП.В.
_gПетр Васильевич
801 0 _aRU
_bNLR
_gpsbo
801 1 _aRU
_bELAR
_2rusmarc
852 _aNLR
_j84-5/6281
942 _cBOOK
980 _aNB